MARC details
| 000 -CABECERA |
| campo de control de longitud fija |
01140nam a2200265 a 4500 |
| 001 - NÚMERO DE CONTROL |
| campo de control |
000045013 |
| 003 - IDENTIFICADOR DEL NÚMERO DE CONTROL |
| campo de control |
OSt |
| 005 - FECHA Y HORA DE LA ÚLTIMA TRANSACCIÓN |
| campo de control |
20240521193439.0 |
| 008 - DATOS DE LONGITUD FIJA--INFORMACIÓN GENERAL |
| campo de control de longitud fija |
100219s2013 dr 000 0 spa d |
| 020 ## - NÚMERO INTERNACIONAL ESTÁNDAR DEL LIBRO |
| Número Internacional Estándar del Libro |
978994586485 |
| 040 ## - FUENTE DE LA CATALOGACIÓN |
| Centro catalogador/agencia de origen |
DO-SdBNP |
| Lengua de catalogación |
spa |
| Centro/agencia transcriptor |
BNPHU |
| 082 ## - NÚMERO DE LA CLASIFICACIÓN DECIMAL DEWEY |
| Número de clasificación |
342.7293 |
| Número de documento/Ítem |
J82d |
| 100 1# - ENTRADA PRINCIPAL--NOMBRE DE PERSONA |
| Nombre de persona |
Jorge Prats, Eduardo |
| 9 (RLIN) |
17747 |
| 245 10 - MENCIÓN DE TÍTULO |
| Título |
Derecho constitucional / |
| Mención de responsabilidad, etc. |
Eduardo Jorge Prats. |
| 250 ## - MENCIÓN DE EDICIÓN |
| Mención de edición |
4a. ed. |
| 260 ## - PUBLICACIÓN, DISTRIBUCIÓN, ETC. |
| Lugar de publicación, distribución, etc. |
Santo Domingo : |
| Nombre del editor, distribuidor, etc. |
Ius Novum, |
| Fecha de publicación, distribución, etc. |
2013. |
| 300 ## - DESCRIPCIÓN FÍSICA |
| Extensión |
v. ; |
| Dimensiones |
27 cm. |
| 500 ## - NOTA GENERAL |
| Nota general |
La bibblioteca posee el volúmen 1 |
| 504 ## - NOTA DE BIBLIOGRAFÍA, ETC. |
| Nota de bibliografía, etc. |
Bibliografía : p. 718-724 |
| 505 ## - NOTA DE CONTENIDO CON FORMATO |
| Información miscelánea |
v.1. |
| Título |
Constitucionalismo, Constitución, Derecho constitucional -- |
| -- |
Poder constituyente y reforma constitucional -- |
| -- |
La constitución como norma -- |
| -- |
Las fuentes del derecho -- |
| -- |
La interpretación constitucional -- |
| -- |
La justicia constitucional -- |
| -- |
La dignidad humana como fundamento del Estado y de la constitución -- |
| -- |
Los principios fundamentales del estado. |
| 590 ## - NOTA LOCAL (RLIN) |
| Nota local |
Inventariado, 2020 /LP |
| 650 #0 - PUNTO DE ACCESO ADICIONAL DE MATERIA--TÉRMINO DE MATERIA |
| Término de materia o nombre geográfico como elemento de entrada |
Derecho constitucional |
| 9 (RLIN) |
10314 |
| 651 #4 - PUNTO DE ACCESO ADICIONAL DE MATERIA--NOMBRE GEOGRÁFICO |
| Nombre geográfico |
República Dominicana |
| Subdivisión general |
Derecho Constitucional |
| 9 (RLIN) |
9303 |
| 942 ## - ELEMENTOS DE PUNTO DE ACCESO ADICIONAL (KOHA) |
| Fuente del sistema de clasificación o colocación |
Dewey Decimal Classification |
| Tipo de ítem Koha |
Libro |